15 najbardziej dotkniętych krajów Covid-19 - 3 listopada 2021 - Statystyki

Ogólne statystyki
  • Ten quiz został rozwiązany 31 razy
  • Średni wynik to 12 z 27
Statystyki odpowiedzi
kraj % Poprawnych
Stany Zjednoczone
96%
Rosja
93%
Niemcy
89%
Francja
85%
Brazylia
81%
Hiszpania
81%
Wielka Brytania
78%
Włochy
78%
Meksyk
74%
Argentyna
63%
Indie
59%
Turcja
44%
Indonezja
41%
Belgia
37%
Holandia
37%
Iran
26%
Czechy
22%
Estonia
22%
Litwa
22%
Łotwa
22%
Kolumbia
15%
Gruzja
11%
Izrael
11%
Słowenia
11%
Bahrajn
7%
Chorwacja
7%
Serbia
7%
Nie znaleziono quizów pasujących do podanych kryteriów
Rozkład punktacji
Procent ludzi z każdym wynikiem
Percentyl według liczby udzielonych odpowiedzi
Twoja historia wyników
Nie rozwiązałeś tego quizu